000 00761nam a2200181 a 4500
001 000043344
003 DO-SdBNP
005 20250607073643.0
008 140310s2007 dr 000 0 spa d
040 _aDO-SdBNP
_bspa
_cBNPHU
245 0 0 _aPlan estratégico nacional (PEN) para la prevención y el control de las ITS,VIH y SIDA 2007-2015 :
_banálisis de situación y respuesta nacional a las ITS, el VIH y el SIDA 2007 /.
260 _a[Santo Domingo] :
_bCOPRESIDA,
_c2007.
300 _a144 p. ;
_c24 cm.
504 _aBibliografía p. 142 -144
710 1 _aRepública Dominicana.
_b Secretaria de Estado de Salud Pública y Asistencia Social (2001)
_956549
710 2 _aConsejo Presidencial del SIDA (República Dominicana)
_970981
942 _2ddc
_cLBS1
999 _c42833
_d42833